|
|
|
|
| LEADER |
00000 ab a2200000 4500 |
| 003 |
AR-RoUNA |
| 008 |
140529||||||||||||||||| |||| 0|||| d |
| 040 |
|
|
|a AR-RoUNA
|b spa
|
| 041 |
|
|
|a spa
|
| 110 |
2 |
|
|a Colegio de Arquitectos de la provincia de Santa Fe. Distrito 2
|9 2611
|
| 245 |
|
|
|a O41. CABALLERO
|n Nº 12
|
| 260 |
|
|
|b Colegio de Arquitectos de La Provincia de Santa Fe,
|c 1999
|a :
|
| 300 |
|
|
|a 120 p. :
|b il.
|b plantas
|b planos
|c 30x21 cm
|
| 505 |
0 |
|
|t SUMARIO
|
| 505 |
0 |
|
|t Nicolás Campodonico / Editorial. p. 3
|
| 505 |
0 |
|
|t Fabián Llonch / Gerardo buscador del alma. p. 5
|
| 505 |
0 |
|
|t Marco Rampulla / La Pirca. p. 7
|
| 505 |
0 |
|
|t Ariel Giménez Rita / Gerardo Caballero y su arquitectura. Recuerdos y Refelexiones. p. 9
|
| 505 |
0 |
|
|t 13 OBRAS DESARROLLADAS
|
| 505 |
0 |
|
|a 1- Quincho Puricelli, Funes, Provincia de Santa Fe, 1991. p. 10
|
| 505 |
0 |
|
|a 2- Plaza Santa Cruz, Rosario, Santa Fe, 1989. p. 16
|
| 505 |
0 |
|
|a 3- Vivienda en Pasaje Marcos Paz, Santa Fe, 1993. p. 20
|
| 505 |
0 |
|
|a 4- Biblioteca y Videoteca Parque de España, Rosario, Santa Fe, 1995. p. 24
|
| 505 |
0 |
|
|a 5- Edificio Brown, Rosario, Santa Fe, 2005. p. 30
|
| 505 |
0 |
|
|a 6- Concesionaria Agrícola, Santa Fe, 2007. p. 40
|
| 505 |
0 |
|
|a 7- Showroom de bicicletas, Rosario, Santa Fe, 2010. p. 48
|
| 505 |
0 |
|
|a 8- Escuela de Ingeniería civiñ, Rosario, Santa Fe, 1999. p. 54
|
| 505 |
0 |
|
|a 9- Refuncionalización Ex Mercado Municipal, Rafaela, Santa Fe, 2014. p. 64
|
| 505 |
0 |
|
|a 10- Estudio Frittegotto, Casilda, Santa Fe, 2014. p. 72
|
| 505 |
0 |
|
|t Carla Berrini / Dibujar, Construir y Pensar. p. 100
|
| 505 |
0 |
|
|t UQBAR / Narraciones de ciudad. p. 104
|
| 505 |
0 |
|
|t Javier Mendiondo / Otro viaje al revés. p. 107
|
| 505 |
0 |
|
|t Enric Massip-Bosch / Gerardo Caballero: arquitectura en unas tres palabras. p. 110
|
| 505 |
0 |
|
|t Sumario 20 obras y proyectos. p. 116
|
| 505 |
0 |
|
|a Casa Barbero, Totoras, Santa Fe, 1983. p. 118
|
| 505 |
0 |
|
|a Escuela Primaria y Jardín de Infantes, Paraná, Entre Ríos, 1988. p. 118
|
| 505 |
0 |
|
|a Biblioteca Matesson, Illinois, USA, 1989. p.119
|
| 505 |
0 |
|
|a Renovación Locales Kaplan, Rosario, Santa Fe, 1991. p. 119
|
| 505 |
0 |
|
|a Museo Constantini (MALBA), Buenos Aires, 1997. p. 120
|
| 505 |
0 |
|
|a Costa Alta y Paseo del Caminante, Rio Paraná, Rosario, 1997. p. 120
|
| 505 |
0 |
|
|a Vinculación Peatonal del Área Cultural Recoleta, Buenos Aires, 1999. p. 121
|
| 505 |
0 |
|
|a Remodelación Edificio EPE, Rosario, Santa Fe, 1999. p. 121
|
| 505 |
0 |
|
|a Casa Frittegotto, Arequito, Santa Fe, 2003. p. 122
|
| 505 |
0 |
|
|a Reforma Esquina Imsand, Totoras, Santa Fe, 2003. p. 122
|
| 505 |
0 |
|
|a Casa en Puerto Roldán, Santa Fe, 2006. p. 123
|
| 505 |
0 |
|
|a Desarrollo Urbano en Puerto Norte, Rosario, Santa Fe, 2008. p. 123
|
| 505 |
0 |
|
|a Edificio Güemes, Rosario, Santa Fe, 2009. p. 124
|
| 505 |
0 |
|
|a Escuela Especial 2121, Arequito, Santa Fe, 2011. p. 124
|
| 505 |
0 |
|
|a Casa Miraflores, Funes, Santa Fe, 2011. p. 125
|
| 505 |
0 |
|
|a Fábrica Premecol, San Lorenzo, Santa Fe, 2012. p. 125
|
| 505 |
0 |
|
|a Casa Procrear, Roldán, Santa Fe, 2014. p. 126
|
| 505 |
0 |
|
|a Edificio Universidad Di Tella, Buenos Aires, 2016. p. 126
|
| 505 |
0 |
|
|a San Nicolás de Cara al Río, Buenos Aires, 2018. p. 127
|
| 505 |
0 |
|
|a Pabellón Argentino - La Casa infinita, La Biennale di Venezia, Italia, 2019. p. 127
|
| 600 |
|
0 |
|9 1857
|a Caballero, Gerardo.
|
| 600 |
|
0 |
|9 21051
|a Berrini, Maria Carla.
|
| 651 |
|
0 |
|a Rosario (Santa Fe, Argentina)
|9 1246
|
| 773 |
0 |
|
|a [041] Revista de arquitectura y urbanismo
|d Rosario (Santa Fe)
|g nº 12 (2020)
|
| 856 |
|
|
|u https://issuu.com/af-estudio/docs/041_2
|
| 908 |
|
|
|a Imp
|
| 930 |
|
|
|c 2
|e 6473
|
| 942 |
|
|
|2 udc
|c ART
|
| 945 |
|
|
|a MBP
|d 2022-11-03
|
| 980 |
|
|
|6 138
|a Carolina Rainero
|g CRON CRON
|
| 999 |
|
|
|c 12379
|d 12379
|